Statistics for HIghest Grossing Films by Genre

Click here to take the quiz!

General Stats

  • This quiz has been taken 1,985 times
    (767 since last reset)
  • The average score is 41 of 149

Answer Stats

GenreYearGrossAnswer% Correct
Drama20092847Avatar
80%
Rated PG-1320092847Avatar
80%
/Epic20092847Avatar
80%
Science Fiction20092847Avatar
80%
/Aliens20092847Avatar
80%
//Superhero20192798Avengers: Endgame
78%
Fantasy20192798Avengers: Endgame
78%
/Comic Book20192798Avengers: Endgame
78%
Adaptation20192798Avengers: Endgame
78%
Romance19972202Titanic
72%
Disaster19972202Titanic
72%
/Period19972202Titanic
72%
/Historical19972202Titanic
72%
/"Space Opera"20152070The Force Awakens
68%
/Romance?2012830Breaking Dawn Part 2
55%
Vampire2012830Breaking Dawn Part 2
55%
/Sexual/Erotic2015570Fifty Shades of Grey
54%
/Fan-Fiction2015548Fifty Shades of Grey
54%
/Fairy Tale (animated)20131282Frozen
54%
/Animated20131274Frozen
54%
/Animated20191450Frozen II
54%
/Sword & Sorcery20031146The Return of the King
54%
/Swashbuckler20061066Dead Man's Chest
52%
Adventure20061066Dead Man's Chest
52%
/Theme Park Ride20061066Dead Man's Chest
52%
/Adventure20061066Dead Man's Chest
52%
/Children's Fiction20111342Harry Potter and the Deathly Hallows Part 2
46%
Rated G19941084The Lion King
44%
/Animated20191668The Lion King (2019)
44%
/Film Remake20191668The Lion King (2019)
44%
Rated PG20191668The Lion King (2019)
44%
/World War 120193851917
41%
/Car Chase20151515Furious 7
41%
/Blockbuster20151515Furious 7
41%
Action20151515Furious 7
41%
/Spy20121109Skyfall
40%
"Found Footage"1999249The Blair Witch Project
40%
/Teen1996173Scream
39%
/Torture Porn2006165Saw III
38%
War2017527Dunkirk
37%
/World War 22017527Dunkirk
37%
/Monster20151671Jurassic World
37%
/Space Exploration2014701Interstellar
36%
/Adult Fiction19931034Jurassic Park
35%
/Monster19931034Jurassic Park
35%
Sci-Fi/Horror19931034Jurassic Park
35%
Horror19931034Jurassic Park
35%
/Korean2019259Parasite
35%
//Biblical/Religious2004612The Passion of the Christ
35%
/Alien Invasion1996817Independence Day
34%
/Original Musical2016449La La Land
34%
//Animated2011666Kung Fu Panda 2
33%
/Satanic1973441The Exorcist
33%
/Slasher2018256Halloween
32%
//Samurai2003455The Last Samurai
32%
/Teen Sex2001288American Pie 2
31%
Comedy2017962Jumanji: Welcome to the Jungle
30%
/Spaghetti196725The Good The Bad and The Ugly
30%
/Post-Apocalyptic2013865Catching Fire
29%
/Civil War1939402Gone With the Wind
29%
/High Concept2010837Inception
29%
/Basketball1996230Space Jam
29%
/Biopic2018912Bohemian Rhapsody
27%
//Animated2011560Cars 2
26%
/Vietnam1986139Platoon
26%
/Comedy (animated)2018529Hotel Transylvania 3
23%
Silent Film2011133The Artist
23%
/Supernatural2017702It
22%
Rated R20191074Joker
22%
/Mafia2006290The Departed
22%
/Financial2013392The Wolf of Wall Street
22%
/Serial Killer2001352Hannibal
21%
/Musical (drama)2012442Les Miserables
21%
/Kung Fu2003742The Matrix Reloaded
21%
//Wire-Fu2003742The Matrix Reloaded
21%
/Robot Apocalypse2003742The Matrix Reloaded
21%
/Soccer200377Bend It Like Beckham
20%
//Foreign Language2000214Crouching Tiger, Hidden Dragon
20%
Western2012426Django Unchained
20%
/Boxing1985300Rocky IV
19%
/Iraq2014518American Sniper
18%
/Motor Racing2019226Ford v Ferrari
18%
/Cross-Dressing1993441Mrs. Doubtfire
18%
//Formula 1201397Rush
18%
/Toy20111124Transformers: Dark of the Moon
18%
/Cartoon20111124Transformers: Dark of the Moon
18%
/Christmas2000345How The Grinch Stole Christmas
17%
/Rugby2009122Invictus
17%
Crime2001451Ocean's Eleven
17%
/Caper2001451Ocean's Eleven
17%
/Horse Racing2003148Seabiscuit
17%
//Sword & Sandal2004497Troy
17%
/Stage Play1992243A Few Good Men
16%
/Courtroom/Legal1992243A Few Good Men
16%
/Slapstick1990477Home Alone
16%
/Time Travel1991520T2: Judgment Day
16%
Sports2009309The Blind Side
16%
/Football2009309The Blind Side
16%
/Christmas (Animated)2018512The Grinch
16%
/Musical (comedy)2008611Mamma Mia!
15%
//Graphic Novel2007456300
14%
/Period/Traditional1994224Interview With the Vampire
14%
/TV Show (live action)2018792Mission Impossible - Fallout
14%
/Baseball1992132A League of Their Own
13%
/Musical20171264Beauty & the Beast (2017)
13%
/Zombie2007585I Am Legend
13%
/Animated20151159Minions
13%
/Ice Hockey200464Miracle
13%
//NASCAR2006163Talladega Nights
13%
/Film Noir2005159Sin City
12%
/Thriller1999673The Sixth Sense
12%
/Femme Fatale1992353Basic Instinct
11%
//Non-Superhero2012624MIB 3
11%
/Shoot 'em Up2020426Bad Boys for Life
10%
/Buddy Cop2020426Bad Boys for Life
10%
/Animated2014658Big Hero 6
10%
//Animated2014658Big Hero 6
10%
Pornographic197250?Deep Throat
10%
//Traditional1973350?Enter the Dragon
10%
Romantic Comedy1990463Pretty Woman
10%
/Gross-Out2011587The Hangover Part II
10%
/Animated20161024Zootopia
10%
Mockumentary2006263Borat
9%
/Olympics1993155Cool Runnings
9%
/Dystopian Future2015297Insurgent
9%
/Nature2005127March of the Penguins
9%
/Board Game2012303Battleship
8%
//Japanese Anime2020453Demon Slayer: Mugen Train
8%
/French2011427The Intouchables
8%
/Golf199654Tin Cup
8%
Vampire Action2004300Van Helsing
6%
/Video Game2016439Warcraft
6%
/Whodunnit2014369Gone Girl
5%
Rated NC-17199520Showgirls
5%
/Animated2011374The Adventures of Tin Tin
4%
/High School/Teen2014307The Fault in Our Stars
4%
/Parody1999312The Spy Who Shagged Me
4%
/Anime2019405Alita: Battle Angel
3%
//Manga2014371Edge of Tomorrow
3%
Suspense/Mystery2006758The DaVinci Code
3%
/Chinese2017870Wolf Warrior 2
3%
Foreign Language2017870Wolf Warrior 2
3%
Vampire Horror20077630 Days of Night
2%
/Hindi2016304Dangal
2%
/Animated2019726Ne Zha
2%
/Road Movie2007254Wild Hogs
2%
/Narco2007270American Gangster
1%
/Original Musical2018350Mary Poppins Returns
1%
Documentary2009261This Is It
1%

Score Distribution

Percentile by Number Answered

Percent of People with Each Score

Your Score History

You have not taken this quiz since the last reset